Dorothy Heathcote (Record no. 40464)

MARC details
000 -LEADER
fixed length control field 00516nam a2200145 a 4500
008 - FIXED-LENGTH DATA ELEMENTS--GENERAL INFORMATION
fixed length control field 120416s0000 ||||||||||||||||| || u
020 ## - INTERNATIONAL STANDARD BOOK NUMBER
International Standard Book Number 0748703586
050 ## - LIBRARY OF CONGRESS CALL NUMBER
Classification number PN 3117 Dor
100 ## - MAIN ENTRY--PERSONAL NAME
Personal name Johnson, Liz
245 10 - TITLE STATEMENT
Title Dorothy Heathcote
246 ## - VARYING FORM OF TITLE
Title proper/short title collected writings on education and drama
260 ## - PUBLICATION, DISTRIBUTION, ETC.
Place of publication, distribution, etc. Cheltenham
Name of publisher, distributor, etc. Stanley Thornes
Date of publication, distribution, etc. 1984
350 ## - PRICE (NR) (BK AM CF MU VM SE) [OBSOLETE]
Price 0.00
995 ## - RECOMMENDATION 995 [LOCAL, UNIMARC FRANCE]
-- 0.00
-- CBU-MAIN LIBRARY (Kitwe)
-- 1
-- 6.95
-- 1
-- AVAILABLE
-- Annex Low-Usage Collection
Holdings
Withdrawn status Lost status Source of classification or shelving scheme Damaged status Not for loan Home library Current library Shelving location Date acquired Total Checkouts Full call number Barcode Date last seen Price effective from Koha item type
          CBU-MAIN LIBRARY, KITWE. CBU-MAIN LIBRARY, KITWE.   11/30/2022   PN 3117 Dor 023840 11/30/2022 11/30/2022 MONOGRAPH